| 000 | 00535nam a2200181Ia 4500 | ||
|---|---|---|---|
| 005 | 20250326130832.0 | ||
| 008 | 250326s9999 xx 000 0 und d | ||
| 037 | _aTextbook | ||
| 040 |
_aFMSL _beng _cFMSL |
||
| 041 |
_aeng _2eng |
||
| 084 |
_aL:D68(2) R4 _qFMSL |
||
| 100 |
_aReddy Sandeep _9741497 |
||
| 245 | 0 |
_aTranslational application of artificial intelligence in healthcare textbook _cReddy Sandeep |
|
| 260 |
_aNY _bNY, CRC _c2024 |
||
| 300 | _a131p | ||
| 942 |
_cTB _hL:D68(2) R4 |
||
| 999 |
_c1284303 _d1284303 |
||